000 01027nas a2200277Ia 4500
001 R235-R2329
003 IT-CnALBA
008 170116c99999999xx |||||||||||| ||und||
040 _aIT-CnALBA
_cIT-CnALBA
041 _aITALIANO
100 _aZITO GIUSEPPE
210 _aIL FAMEDIO
222 _aIL FAMEDIO
245 0 _aIL FAMEDIO. N. III. SETTEMBRE 1968.
_b RIVISTA LETTERARIA CENTRO MARIANO MONTENERO
250 _a1a ed.
260 _a LIVORNO
_bCENTRO MARIANO MONTENERO
_c1968
300 _a104 p.
310 _aBIMESTRALE
362 _aFascicolo: 3 / (1968)
500 _aBIOGRAFIA DEGLI AUTORI DELLOPERA TEATRALE, IL CIELO NELLA POLVERE. PERSONAGGI E INTERPRETI COMMEDIA IN TRE ATTI.
501 _aSocietà San Paolo EM - Piazza San Paolo, 14 - 12051 ALBA (CN) (non commercial uses only) ® Copyright 2017
520 _aBIOGRAFIA DEGLI AUTORI DELLOPERA TEATRALE, IL CIELO NELLA POLVERE. PERSONAGGI E INTERPRETI COMMEDIA IN TRE ATTI.
650 _aANGELI SANTI DEMONI
942 _cCR
957 _71
999 _a12306
_bNO
_g1
_c320403
_d320403